| 000 | 00472nam a22001817a 4500 | ||
|---|---|---|---|
| 005 | 20251108171159.0 | ||
| 008 | 250721s1985 xx 000 0 ara d | ||
| 082 | 1 | 4 | _a509/هشا |
| 100 | 1 | _aغصيب، هشام | |
| 245 | 1 | 0 | _aجولات في الفكر العلمي / |
| 264 | 1 |
_aعمان : _bدار الفرقان، _c1985. |
|
| 300 | _a2ج | ||
| 650 | 1 | 7 | _aالعلم |
| 650 | 1 | 7 | _aالتاريخ |
| 650 | 1 | 7 | _aالعلوم |
| 942 |
_2ddc _cBK |
||
| 999 |
_c58672 _d58672 |
||